Statistiques concernant Pays qui produisent le plus de riz

Cliquez ici pour prendre le quiz!

Statistiques générales

  • Ce quiz a été pris 5,735 fois
  • Le résultat moyen est 8 sur 10

Statistiques - réponses

Tonnes Pays % Correct
208 millionChine
100%
157 millionInde
94%
10.5 millionJapon
89%
45.0 millionViêt Nam
88%
32.6 millionThaïlande
86%
70.8 millionIndonésie
84%
26.4 millionBirmanie
66%
52.2 millionBangladesh
60%
19.0 millionPhilippines
60%
12.2 millionBrésil
50%

Distribution des résultats

Percentile par nombre de réponses

% des personnes avec chaque résultat

Votre développement - résultats

Vous n’avez pas pris ce quiz